000 01717nam0a2200397 4500
001 RU\NLR\bibl\1387682
005 20260405184419.0
010 _a978-5-86471-439-3
_97000
021 _aRU
_b2009-34032
_92050
035 _a(NLR Aleph) 001379741
090 _a1094385
_c1094385
100 _a20090416d2009 |||y0rusy50 ca
101 1 _arus
_ceng
102 _aRU
105 _aa |||||||||
200 1 _aКнига всеобщих заблуждений
_dThe book of general ignorance
_fДжон Ллойд и Джон Митчинсон
_g[пер. с англ. Александра Рахубы]
_zeng
210 _aМосква
_cPhantom Press
_d2009
215 _a478, [1] с.
_cил.
_d20
225 1 _aСтивен Фрай представляет
225 1 _aОчень интересная книга
225 1 _aThe best of phantom
300 _aНа обл. авт. не указаны
300 _aАвт. также на англ. яз.: John Lloyd and John Mitchinson
510 0 _6z20790
_aThe book of general ignorance
_zeng
606 1 _aНаучно-популярная литература
_91713164
_3RU\NLR\auth\66763730
686 _aЯ9
700 1 _4070
_8rus
_7ca
_aЛлойд
_bД.
_f1951-
_gДжон
_3RU\NLR\auth\7780843
_963771
701 1 _4070
_8rus
_7ca
_aМитчинсон
_bД.
_f1963-
_gДжон
_3RU\NLR\auth\7780875
_963803
790 1 _4070
_8eng
_7ba
_aLloyd
_bJ.
_f1951-
_gJohn
_3RU\NLR\auth\7780844
_963772
790 1 _4070
_8eng
_7ba
_aMitchinson
_bJ.
_f1963-
_gJohn
_3RU\NLR\auth\7780877
_963805
801 0 _aRU
_bРКП
_c20090416
_grcr
801 1 _aRU
_bРГБ
_c20090416
801 2 _aRU
_bNLR
_c20090629
_grcr
942 _cBOOK
980 _aNB